| 000 | 00569nam a2200193 i 4500 | ||
|---|---|---|---|
| 001 | 185690 | ||
| 003 | ES-MaACL | ||
| 005 | 20251222063018.0 | ||
| 008 | 160803s1874 fr |||| | fre d | ||
| 100 | 1 |
_aLevittoux, Henryk, _d1822-1879 _9160304 |
|
| 245 | 1 | 0 |
_aPhilosophie de la nature / _cpar Henri Levittoux. |
| 250 | _a3 ed. rev. y corrig. | ||
| 260 |
_aParis : _bF. Savy, _c1874. |
||
| 300 |
_a611-II p. ; _c23 cm. |
||
| 650 |
_aCiencia- _xFilosofía. _910950 |
||
| 650 | 0 | 4 |
_aCreación. _911403 |
| 852 |
_aES-MaACL _jG-11904 |
||
| 999 |
_c185690 _d185690 |
||